[Event "Titled Tuesday intern op 07th Jan Early"]
[Site "Chess.com INT"]
[Date "2025.01.07"]
[Round "1"]
[White "Maltese, Adam"]
[Black "Dragnev, Valentin"]
[Result "0-1"]
[WhiteElo "2198"]
[BlackElo "2563"]
[PlyCount "46"]
[EventDate "2025.01.07"]
[EventType "swiss (blitz)"]
[EventRounds "11"]
[EventCountry "USA"]
[SourceTitle "CB03_2025"]
[SourceDate "2025.01.15"]
[SourceVersion "1"]
[SourceVersionDate "2025.01.15"]
[SourceQuality "1"]

1. e4 c6 2. d4 d5 3. e5 Bf5 4. Nf3 e6 5. Be2 Ne7 6. 0-0 c5 7. dxc5 Nec6 8. c4 d4 9. Bd3 Bxd3 10. Qxd3 Nd7 11. b4 Nxb4 12. Qb3 Bxc5 13. Nbd2 0-0 14. Ne4 a5 15. a3 a4 16. Qb1 Nc6 17. Qxb7 Na5 18. Qb5 Nb3 19. Bg5 Qc7 20. Nxc5 Ndxc5 21. Nxd4 Nxd4 22. Qb2 Qxe5 23. Be3 Nf3+ 0-1

[Event "Chicago op 16th"]
[Site "Oak Brook"]
[Date "2007.05.26"]
[Round "2"]
[White "Maltese, Adam"]
[Black "Almeida Saenz, Alfonso"]
[Result "0-1"]
[WhiteElo "2205"]
[BlackElo "2429"]
[PlyCount "78"]
[EventDate "2007.05.25"]
[EventType "swiss"]
[EventRounds "7"]
[EventCountry "USA"]
[SourceTitle "CBM 118 Extra"]
[Source "ChessBase"]
[SourceDate "2007.07.04"]
[SourceVersion "1"]
[SourceVersionDate "2007.07.04"]
[SourceQuality "1"]

1. Nf3 d5 2. c4 c6 3. d4 Nf6 4. Nc3 e6 5. e3 Nbd7 6. Qc2 Bd6 7. Bd3 dxc4 8. Bxc4 b5 9. Be2 b4 10. Na4 Bb7 11. e4 Qa5 12. b3 Be7 13. 0-0 c5 14. e5 Nd5 15. dxc5 Rc8 16. a3 Nxc5 17. Nxc5 Rxc5 18. Bc4 0-0 19. axb4 Qxa1 20. bxc5 Nb4 21. Qe2 Bxc5 22. Bb2 Bxf3 23. gxf3 Qa5 24. f4 Qd8 25. Rd1 Qh4 26. Qf3 Bxf2+ 27. Kh1 g6 28. Bc3 a5 29. Rd7 Bc5 30. Rc7 Bf2 31. f5 gxf5 32. Qg2+ Kh8 33. Bxe6 Rg8 34. Rc8 Rxc8 35. Bxc8 Bd4 36. Bxd4 Qxd4 37. Bxf5 Qd1+ 38. Qg1 Qf3+ 39. Qg2 Qxf5 0-1

[Event "Foxwoods op 09th"]
[Site "Connecticut"]
[Date "2007.04.07"]
[Round "6"]
[White "Maltese, Adam"]
[Black "Ippolito, Dean"]
[Result "1-0"]
[WhiteElo "2194"]
[BlackElo "2397"]
[PlyCount "79"]
[EventDate "2007.04.04"]
[EventType "swiss"]
[EventRounds "9"]
[EventCountry "USA"]
[SourceTitle "CBM 117 Extra"]
[Source "ChessBase"]
[SourceDate "2007.05.09"]
[SourceVersion "1"]
[SourceVersionDate "2007.05.09"]
[SourceQuality "1"]

1. Nf3 c5 2. c4 Nc6 3. g3 e5 4. Nc3 g6 5. Bg2 Bg7 6. 0-0 Nge7 7. d3 0-0 8. Rb1 d6 9. a3 a5 10. Nd2 Rb8 11. b3 Be6 12. Bb2 h6 13. Ba1 Kh7 14. Nd5 b5 15. e3 f5 16. f4 Bg8 17. Nxe7 Nxe7 18. a4 b4 19. Nf3 Qc7 20. Qc2 Rbd8 21. Rbd1 Be6 22. Rfe1 Bc8 23. Bb2 Bb7 24. Nh4 Rd7 25. Bxb7 Qxb7 26. d4 Rfd8 27. d5 Rf8 28. fxe5 dxe5 29. Rf1 e4 30. Bxg7 Kxg7 31. Qb2+ Kh7 32. Qe5 Qb6 33. d6 Nc8 34. Nxf5 gxf5 35. Rxf5 Rg8 36. Qxe4 Kh8 37. Rf6 Rh7 38. Qe5 Kg7 39. Rf3+ Kg6 40. Qf5+ 1-0

[Event "Foxwoods op 09th"]
[Site "Connecticut"]
[Date "2007.04.04"]
[Round "1"]
[White "Ruggiero, Pamela"]
[Black "Maltese, Adam"]
[Result "1/2-1/2"]
[WhiteElo "2034"]
[BlackElo "2194"]
[PlyCount "79"]
[EventDate "2007.04.04"]
[EventType "swiss"]
[EventRounds "9"]
[EventCountry "USA"]
[SourceTitle "CBM 117 Extra"]
[Source "ChessBase"]
[SourceDate "2007.05.09"]
[SourceVersion "1"]
[SourceVersionDate "2007.05.09"]
[SourceQuality "1"]

1. c4 d6 2. g3 Nf6 3. Bg2 c6 4. Nc3 e5 5. d4 Nbd7 6. e4 Be7 7. Nf3 0-0 8. 0-0 Re8 9. Qc2 a6 10. Rd1 Qc7 11. a4 a5 12. h3 Bf8 13. Be3 exd4 14. Nxd4 Nc5 15. Nf5 Be6 16. Ne2 Rad8 17. Rd4 d5 18. cxd5 cxd5 19. Rad1 Nfxe4 20. Bxe4 dxe4 21. Rxd8 Rxd8 22. Rxd8 Qxd8 23. Bxc5 Bxf5 24. Bxf8 Qxf8 25. g4 Bg6 26. Ng3 e3 27. Qc3 exf2+ 28. Kxf2 f5 29. g5 f4 30. Ne2 Be8 31. Qxa5 Qd6 32. Qc3 Qb6+ 33. Qd4 Qxd4+ 34. Nxd4 Bxa4 35. Kf3 Bd7 36. h4 Kf7 37. Kxf4 Kg6 38. Ne2 Kh5 39. Kg3 Kg6 40. Kf4 1/2-1/2

[Event "USA-ch U18"]
[Site "Dallas"]
[Date "2006.07.17"]
[Round "3"]
[White "Banawa, Joel Cholo"]
[Black "Maltese, Adam"]
[Result "1/2-1/2"]
[WhiteElo "2260"]
[BlackElo "2216"]
[PlyCount "65"]
[EventDate "2006.07.15"]
[EventType "tourn"]
[EventRounds "9"]
[EventCountry "USA"]
[EventCategory "2"]
[SourceTitle "CBM 113 Extra"]
[Source "ChessBase"]
[SourceDate "2006.09.14"]
[SourceVersion "1"]
[SourceVersionDate "2006.09.14"]
[SourceQuality "1"]

1. c4 d6 2. Nc3 e5 3. g3 g6 4. Bg2 Bg7 5. e4 Ne7 6. Nge2 Be6 7. d3 Qd7 8. h4 Nbc6 9. Nd5 h6 10. Be3 Nd4 11. Nxd4 exd4 12. Bf4 c6 13. Nxe7 Qxe7 14. Qd2 f6 15. Qb4 c5 16. Qa4+ Qd7 17. Qxd7+ Kxd7 18. h5 g5 19. Bd2 Rab8 20. f4 b5 21. f5 Bf7 22. b3 bxc4 23. dxc4 Bf8 24. Ke2 Be7 25. Kd3 Bd8 26. Rab1 Rb6 27. g4 Ra6 28. a4 Ba5 29. Bxa5 Rxa5 30. Rhe1 Rb8 31. Bf1 Rb4 32. Kc2 Ra6 33. Bd3 1/2-1/2

[Event "New York Masters 128th"]
[Site "New York"]
[Date "2005.01.04"]
[Round "1"]
[White "Shabalov, Alexander"]
[Black "Maltese, Adam"]
[Result "1-0"]
[WhiteElo "2607"]
[BlackElo "2174"]
[PlyCount "59"]
[EventDate "2005.01.04"]
[EventType "swiss (rapid)"]
[EventRounds "4"]
[EventCountry "USA"]
[SourceTitle "CBM 104 Extra"]
[Source "ChessBase"]
[SourceDate "2005.03.01"]
[SourceVersion "1"]
[SourceVersionDate "2005.03.01"]
[SourceQuality "1"]

1. e4 d5 2. exd5 Nf6 3. d4 Nxd5 4. c4 Nb6 5. Nc3 g6 6. c5 Nd5 7. Bc4 c6 8. Qb3 e6 9. Ne4 Nf6 10. Bg5 Be7 11. Nd6+ Bxd6 12. cxd6 Qa5+ 13. Bd2 Qd8 14. Qa3 Ne4 15. Bf4 Qf6 16. Ne2 g5 17. Bg3 b5 18. Bd3 Nxg3 19. hxg3 a5 20. Qc5 Bd7 21. f4 gxf4 22. 0-0 Na6 23. Qh5 Nb4 24. Rxf4 Qg7 25. Raf1 Rf8 26. Bxh7 0-0-0 27. Rxf7 Rxf7 28. Rxf7 Qh8 29. Qc5 Qe8 30. Qa7 1-0

[Event "World op 32nd"]
[Site "Philadelphia"]
[Date "2004.07.04"]
[Round "7"]
[White "Maltese, Adam"]
[Black "Tremblay, Rejean"]
[Result "1-0"]
[WhiteElo "2177"]
[BlackElo "2268"]
[PlyCount "81"]
[EventDate "2004.07.01"]
[EventType "swiss"]
[EventRounds "9"]
[EventCountry "USA"]
[SourceTitle "CBM 101 Extra"]
[Source "ChessBase"]
[SourceDate "2004.09.01"]
[SourceVersion "2"]
[SourceVersionDate "2004.09.01"]
[SourceQuality "1"]

1. d4 Nf6 2. Nf3 g6 3. Nc3 d5 4. Bf4 Bg7 5. e3 0-0 6. Be2 Nh5 7. Bg5 h6 8. Bh4 g5 9. Ne5 Bxe5 10. dxe5 Ng7 11. Bg3 e6 12. Bg4 c6 13. h4 f5 14. exf6 Qxf6 15. hxg5 hxg5 16. Qd3 Nf5 17. Rh5 Rf7 18. 0-0-0 Nxg3 19. fxg3 Nd7 20. Rdh1 Nf8 21. e4 d4 22. e5 Qxe5 23. Ne4 Rh7 24. Rxh7 Nxh7 25. Rxh7 Kxh7 26. Nxg5+ Kg7 27. Qh7+ Kf6 28. Qh8+ Kxg5 29. Qxe5+ Kxg4 30. Qf4+ Kh5 31. Qf7+ Kg5 32. Qg7+ Kf5 33. g4+ Kf4 34. Qxd4+ Kg3 35. g5 e5 36. Qxe5+ Kxg2 37. Qe8 b6 38. g6 Bb7 39. Qxa8 Bxa8 40. g7 c5 41. g8Q+ 1-0